5HLuxD.jpg

KING HENRY VIII SENIOR AND PRIMARY SCHOOL LIBRARY OPAC

The love of a king / (Record no. 2742)

000 -LEADER
fixed length control field 01794cam a2200409 a 4500
001 - CONTROL NUMBER
control field 15740108
003 - CONTROL NUMBER IDENTIFIER
control field OSt
005 - DATE AND TIME OF LATEST TRANSACTION
control field 20230818110808.0
008 - FIXED-LENGTH DATA ELEMENTS--GENERAL INFORMATION
fixed length control field 090515r20081989enka 000 0ceng d
010 ## - LIBRARY OF CONGRESS CONTROL NUMBER
LC control number 2009290951
015 ## - NATIONAL BIBLIOGRAPHY NUMBER
National bibliography number GBA865224
Source bnb
016 7# - NATIONAL BIBLIOGRAPHIC AGENCY CONTROL NUMBER
Record control number 014612939
Source Uk
020 ## - INTERNATIONAL STANDARD BOOK NUMBER
International Standard Book Number 9780194790864 (pbk)
020 ## - INTERNATIONAL STANDARD BOOK NUMBER
International Standard Book Number 019479086X (pbk)
035 ## - SYSTEM CONTROL NUMBER
System control number (OCoLC)ocn228194621
040 ## - CATALOGING SOURCE
Original cataloging agency UKM
Transcribing agency UKM
Modifying agency OCLCG
-- YDXCP
-- DLC
-- KH8
042 ## - AUTHENTICATION CODE
Authentication code ukscp
-- lccopycat
043 ## - GEOGRAPHIC AREA CODE
Geographic area code e-uk-en
082 00 - DEWEY DECIMAL CLASSIFICATION NUMBER
Classification number 428.6 DAI
Edition number 22
100 1# - MAIN ENTRY--PERSONAL NAME
Personal name Dainty, Peter,
Relator term author.
245 14 - TITLE STATEMENT
Title The love of a king /
Statement of responsibility, etc. Peter Dainty.
260 ## - PUBLICATION, DISTRIBUTION, ETC.
Place of publication, distribution, etc. Oxford ;
-- New York :
Name of publisher, distributor, etc. Oxford University Press,
Date of publication, distribution, etc. c2008
300 ## - PHYSICAL DESCRIPTION
Extent 56 p. :
Other physical details ill. ;
Dimensions 20 cm.
490 0# - SERIES STATEMENT
Series statement Oxford bookworms library ; Stage 2, True stories
500 ## - GENERAL NOTE
General note First published in Oxford Bookworms 1989.
505 0# - FORMATTED CONTENTS NOTE
Formatted contents note A lonely child -- The Prince of Wales -- The royal star -- The meeting -- Wallis -- The King is dead! Long live the King! -- The church -- The Storm -- The Woman I love -- The wedding -- Paris -- Long live love (The Duke and Duchess of Windsor, A family tree).
600 10 - SUBJECT ADDED ENTRY--PERSONAL NAME
Personal name Windsor, Edward,
Titles and other words associated with a name Duke of,
Dates associated with a name 1894-1972
Form subdivision Juvenile literature.
600 10 - SUBJECT ADDED ENTRY--PERSONAL NAME
Personal name Windsor, Wallis Warfield,
Titles and other words associated with a name Duchess of,
Dates associated with a name 1896-1986
Form subdivision Juvenile literature.
650 #0 - SUBJECT ADDED ENTRY--TOPICAL TERM
Topical term or geographic name entry element Readers (Adult)
650 #0 - SUBJECT ADDED ENTRY--TOPICAL TERM
Topical term or geographic name entry element English language
Form subdivision Textbooks for foreign speakers.
650 #0 - SUBJECT ADDED ENTRY--TOPICAL TERM
Topical term or geographic name entry element Reading comprehension
Form subdivision Problems, exercises, etc.
650 #0 - SUBJECT ADDED ENTRY--TOPICAL TERM
Topical term or geographic name entry element Kings and rulers
Form subdivision Biography.
651 #0 - SUBJECT ADDED ENTRY--GEOGRAPHIC NAME
Geographic name England
Form subdivision Biography.
906 ## - LOCAL DATA ELEMENT F, LDF (RLIN)
a 7
b cbc
c copycat
d 2
e ncip
f 20
g y-gencatlg
942 ## - ADDED ENTRY ELEMENTS (KOHA)
Source of classification or shelving scheme
Koha item type Teaching Resources
Holdings
Withdrawn status Lost status Source of classification or shelving scheme Damaged status Not for loan Collection code Permanent Location Current Location Shelving location Date acquired Total Checkouts Full call number Barcode Date due Date last seen Date last checked out Price effective from Koha item type
          Teaching Resources KH8 Senior School Library KH8 Senior School Library Staff Office 2023-08-18 1 428.6 DAI TRKHSL002124 2025-07-04 2024-11-08 2024-11-08 2023-08-18 Teaching Resources

Powered By KH8 IT Dept